000 00891nam a2200265 i 4500
001 9147
003 ES-MaACL
005 20250830052207.0
007 t|
008 930519s1992 sp ||||1| spa d
020 _a84-7658-331-1
080 _a86(Goytisolo,J.7 R.08)
100 1 _aMartín Morán, José Manuel.
_977576
245 1 0 _aSemiótica de una traición recuperada
_b: génesis poética de Reivindicación del conde don Julian /
_cJosé Manuel Martín Morán.
250 _a[1 ed.].
260 _aBarcelona :
_bAnthropos,
_c1992.
300 _a269 p. ;
_c20 cm.
490 1 _aAmbitos literarios. Ensayo ;
_v41
500 _aBibliofr.: p. 259-266.
600 1 4 _aGoytisolo, Juan-
_xCrítica e interpretación.
_959423
830 0 0 _aÁmbitos literarios.
_pEnsayo
_v41
_9236239
852 _aES-MaACL
_jL-16612
_bR.120180
942 _2udc
999 _c9147
_d9147